000 00353nam a2200157 4500
008 190521s1999||||CZ d
100 1 _aFrankl V.E.
_91114
245 1 0 _aTeorie a terapie neuróz
260 _aPraha
_bGrada
_c1999
020 _a8071697796
_c0
250 _a1.vydanie
300 _a171s.
041 1 _acze
044 _aCZ
958 _aA
999 _c22409
_d22409